<?xml version="1.0" encoding="UTF-8"?>
<record
    xmlns:xsi="http://www.w3.org/2001/XMLSchema-instance"
    xsi:schemaLocation="http://www.loc.gov/MARC21/slim http://www.loc.gov/standards/marcxml/schema/MARC21slim.xsd"
    xmlns="http://www.loc.gov/MARC21/slim">

  <leader>00604nam a22001937a 4500</leader>
  <datafield tag="999" ind1=" " ind2=" ">
    <subfield code="c">194837</subfield>
    <subfield code="d">194837</subfield>
  </datafield>
  <controlfield tag="005">20230123110826.0</controlfield>
  <datafield tag="010" ind1=" " ind2=" ">
    <subfield code="a">UR-11850</subfield>
  </datafield>
  <datafield tag="020" ind1=" " ind2=" ">
    <subfield code="a">9789383353163</subfield>
    <subfield code="c">600.00</subfield>
  </datafield>
  <datafield tag="035" ind1=" " ind2=" ">
    <subfield code="a">U-10405</subfield>
  </datafield>
  <datafield tag="037" ind1=" " ind2=" ">
    <subfield code="b">DBAD/PUB</subfield>
  </datafield>
  <datafield tag="082" ind1=" " ind2=" ">
    <subfield code="a">844</subfield>
  </datafield>
  <datafield tag="100" ind1=" " ind2=" ">
    <subfield code="a">&#x642;&#x627;&#x633;&#x645;&#x6CC; &#x60C; &#x634;&#x631;&#x6CC;&#x641; &#x62D;&#x633;&#x6CC;&#x646;</subfield>
  </datafield>
  <datafield tag="245" ind1=" " ind2=" ">
    <subfield code="a">&#x62D;&#x627;&#x635;&#x644; &#x62A;&#x62D;&#x642;&#x6CC;&#x642; /</subfield>
    <subfield code="c">&#x634;&#x631;&#x6CC;&#x641; &#x62D;&#x633;&#x6CC;&#x646; &#x642;&#x627;&#x633;&#x645;&#x6CC;</subfield>
  </datafield>
  <datafield tag="246" ind1=" " ind2=" ">
    <subfield code="a">Hasil-E-Tehqeeq /</subfield>
    <subfield code="b">by Sharif Husain Qasemi</subfield>
  </datafield>
  <datafield tag="260" ind1=" " ind2=" ">
    <subfield code="a">New Delhi</subfield>
    <subfield code="b">Ghalib Academy</subfield>
    <subfield code="c">2022 &#x621;</subfield>
  </datafield>
  <datafield tag="270" ind1=" " ind2=" ">
    <subfield code="a">Basti Hazrat Nizamuddin</subfield>
    <subfield code="b">New Delhi</subfield>
    <subfield code="e">110013</subfield>
  </datafield>
  <datafield tag="300" ind1=" " ind2=" ">
    <subfield code="a">448 &#x635;</subfield>
    <subfield code="c">22cm(Hb)     </subfield>
  </datafield>
  <datafield tag="942" ind1=" " ind2=" ">
    <subfield code="2">ddc</subfield>
    <subfield code="c">UR</subfield>
    <subfield code="m">&#x642; &#x627; &#x633;</subfield>
    <subfield code="e"> </subfield>
    <subfield code="h">844</subfield>
  </datafield>
  <datafield tag="952" ind1=" " ind2=" ">
    <subfield code="0">0</subfield>
    <subfield code="1">0</subfield>
    <subfield code="4">0</subfield>
    <subfield code="7">0</subfield>
    <subfield code="8">NFIC</subfield>
    <subfield code="a">L</subfield>
    <subfield code="b">L</subfield>
    <subfield code="d">2023-01-23</subfield>
    <subfield code="e">DBAD/PUB</subfield>
    <subfield code="g">600.00</subfield>
    <subfield code="l">1</subfield>
    <subfield code="m">2</subfield>
    <subfield code="o">844 &#x642; &#x627; &#x633;</subfield>
    <subfield code="p">U-10405</subfield>
    <subfield code="r">2024-04-15 00:00:00</subfield>
    <subfield code="s">2024-03-09</subfield>
    <subfield code="t">1</subfield>
    <subfield code="v">600.00</subfield>
    <subfield code="w">2023-01-23</subfield>
    <subfield code="y">UR</subfield>
  </datafield>
</record>
